00885cam a22002531 4500001001300000003000400013005001700017008004100034010001700075035001900092040004300111042001200154050001900166082001100185110004800196245012800244260002400372300003500396500001700431500005800448500003600506610007200542999001700614l 53000160 DLC20260227111543.0800418s1952 dcu f000 0 eng c al 53000160  a(OCoLC)6217022 aU.S. Dept. of Labor. LibrarycOCldDLC apremarc00aHB235.U6bA535 a338.521 aUnited States.bBureau of Labor Statistics.10aSpecifications and code numbers for individual commodities, 1947-1951.c[Prepared by Division of Prices and Cost of Living. a[Washington]c1952. a1 v. (various pagings)c27 cm. aCover title. aAt head of title: Wholesale price index (1947-49=100) aKept up to date by supplements.10aUnited States.bBureau of Labor Statistics.tWholesale price index. c36815d36815